Govt. of
Madhya Pradesh

Karma Dharma And Moksha (Record no. 65410)

MARC details
000 -LEADER
fixed length control field 00238nam a22001097a 4500
082 ## - DEWEY DECIMAL CLASSIFICATION NUMBER
Classification number 954/SHE
100 ## - MAIN ENTRY--AUTHOR NAME
Personal name Singh,Bihari
245 ## - TITLE STATEMENT
Title Karma Dharma And Moksha
260 ## - PUBLICATION, DISTRIBUTION, ETC. (IMPRINT)
Place of publication New Delhi
Name of publisher Seva Books
650 ## - SUBJECT ADDED ENTRY--TOPICAL TERM
Topical Term Religions
942 ## - ADDED ENTRY ELEMENTS (KOHA)
Koha item type Books
Holdings
Withdrawn status Lost status Damaged status Not for loan Home library Current library Date acquired Cost, normal purchase price Full call number Accession Number Price effective from Koha item type
        MACL MACL 13/10/2022 1100.00 954/SHE CRE040097 13/10/2022 Books